[Event "NATO-ch 30th"]
[Site "Berlin"]
[Date "2019.09.18"]
[Round "4.27"]
[White "Marquardt, Christian"]
[Black "Glibert, Stephane"]
[Result "1/2-1/2"]
[WhiteElo "2049"]
[BlackElo "1865"]
[PlyCount "81"]
[EventDate "2019.09.14"]
[EventType "team-swiss"]
[EventRounds "7"]
[EventCountry "GER"]
[SourceTitle "EXT 2020"]
[Source "ChessBase"]
[SourceDate "2019.10.17"]
[SourceVersion "1"]
[SourceVersionDate "2019.10.17"]
[SourceQuality "1"]
[WhiteTeam "Germany"]
[BlackTeam "Belgium"]
[WhiteTeamCountry "GER"]
[BlackTeamCountry "BEL"]

1. d4 Nf6 2. Bg5 Ne4 3. Bf4 d5 4. e3 e6 5. Bd3 Bd6 6. Bxe4 Bxf4 7. Bd3 Bd6 8. Nf3 Nd7 9. 0-0 b6 10. Nbd2 Bb7 11. a4 c5 12. c3 0-0 13. Qe2 f5 14. c4 e5 15. dxe5 Nxe5 16. Nxe5 Bxe5 17. Nf3 Qf6 18. Nxe5 Qxe5 19. Rfd1 a5 20. cxd5 Rad8 21. Bc4 Rd6 22. Rd2 Rfd8 23. Rad1 Kf8 24. Qf3 Ke7 25. g3 Rf8 26. b3 Rff6 27. Re2 Qe4 28. Kg2 g5 29. g4 Qe5 30. Qg3 Bxd5+ 31. Bxd5 Rxd5 32. Qxe5+ Rxe5 33. Red2 Kf7 34. Rd7+ Re7 35. R7d5 Kg6 36. gxf5+ Rxf5 37. Kf1 Rf6 38. Ke2 Re4 39. R1d3 Rh4 40. Rd6 Rb4 41. f3 1/2-1/2

[Event "BEL-ch op"]
[Site "Namur"]
[Date "2007.07.01"]
[Round "2.7"]
[White "Dal Borgo, Albin"]
[Black "Glibert, Stephane"]
[Result "1-0"]
[WhiteElo "2169"]
[BlackElo "1839"]
[PlyCount "113"]
[EventDate "2007.06.30"]
[EventType "swiss"]
[EventRounds "9"]
[EventCountry "BEL"]
[SourceTitle "CBM 119 Extra"]
[Source "ChessBase"]
[SourceDate "2007.09.04"]
[SourceVersion "1"]
[SourceVersionDate "2007.09.04"]
[SourceQuality "1"]

1. d4 d5 2. c4 c6 3. Nc3 Nf6 4. e3 Bf5 5. cxd5 cxd5 6. Qb3 Qd7 7. Nf3 Nc6 8. Ne5 Qc7 9. Bb5 a6 10. Nxd5 Nxd5 11. Qxd5 e6 12. Bxc6+ bxc6 13. Qc4 Bd6 14. Nf3 0-0 15. Bd2 Rfb8 16. Bc3 Be4 17. h3 h6 18. Qe2 a5 19. 0-0 Be7 20. Nd2 Bg6 21. Rac1 a4 22. Rfd1 Qd7 23. Nc4 Qd5 24. Ne5 Bh7 25. a3 f6 26. Nd3 Qb5 27. e4 Bg6 28. Qg4 Bf7 29. Bb4 Bxb4 30. Nxb4 Rc8 31. Rc5 Qb7 32. Rdc1 Rab8 33. e5 f5 34. Qf3 Be8 35. R1c2 Qd7 36. R2c4 Rb6 37. Qc3 Kh8 38. Qc2 Qb7 39. Qxa4 g5 40. Qd1 Kg7 41. Qc2 h5 42. Qc1 Kg6 43. f4 g4 44. Qe1 Qe7 45. h4 Qb7 46. g3 Bd7 47. Qc3 Qa8 48. Qc2 Qb7 49. Kf2 Kf7 50. Rc3 Ke7 51. Ke3 Kd8 52. Kd2 Ke7 53. Kc1 Kd8 54. Kb1 Qa8 55. Qc1 Qa4 56. d5 exd5 57. Nxd5 1-0

[Event "Avoine op 21th"]
[Site "Avoine"]
[Date "2006.07.27"]
[Round "8"]
[White "Glibert, Stephane"]
[Black "Guilleux, Fabien"]
[Result "0-1"]
[WhiteElo "1884"]
[BlackElo "2055"]
[PlyCount "82"]
[EventDate "2006.07.22"]
[EventType "swiss"]
[EventRounds "9"]
[EventCountry "FRA"]
[SourceTitle "EXT 2007"]
[Source "ChessBase"]
[SourceDate "2006.11.23"]
[SourceVersion "1"]
[SourceVersionDate "2006.11.23"]
[SourceQuality "1"]

1. e4 c5 2. Nf3 d6 3. d4 cxd4 4. Nxd4 Nf6 5. Nc3 Nc6 6. Be2 e6 7. Be3 Be7 8. 0-0 0-0 9. f4 Qc7 10. Qe1 a6 11. Qg3 Re8 12. f5 e5 13. Nb3 Bf8 14. Bg5 Nd7 15. Nd5 Qb8 16. f6 g6 17. Qh4 Nd4 18. Nxd4 exd4 19. Bh6 Re5 20. Bxf8 Kxf8 21. Qxh7 Ke8 22. Qg8+ Nf8 23. Bc4 b5 24. Bb3 Be6 25. Rf3 Rxe4 26. Rf4 Re5 27. Rxd4 Qa7 28. c3 Bxd5 29. Bxd5 Rxd5 30. Re1+ Re5 31. Red1 Rd8 32. Kh1 Qc5 33. h3 Re6 34. Qh8 Qf5 35. Qh4 Qxf6 36. Qg3 Ke7 37. Qd3 Qg5 38. Qd2 Nh7 39. c4 Nf6 40. Qb4 Ne4 41. cxb5 Nf2+ 0-1

[Event "Avoine op 21th"]
[Site "Avoine"]
[Date "2006.07.26"]
[Round "5"]
[White "Soyez, Cyril"]
[Black "Glibert, Stephane"]
[Result "1/2-1/2"]
[WhiteElo "2132"]
[BlackElo "1884"]
[PlyCount "98"]
[EventDate "2006.07.22"]
[EventType "swiss"]
[EventRounds "9"]
[EventCountry "FRA"]
[SourceTitle "EXT 2007"]
[Source "ChessBase"]
[SourceDate "2006.11.23"]
[SourceVersion "1"]
[SourceVersionDate "2006.11.23"]
[SourceQuality "1"]

1. c4 e5 2. Nc3 Nc6 3. g3 f5 4. Bg2 Nf6 5. e3 d6 6. Nge2 Be7 7. 0-0 0-0 8. Rb1 Be6 9. Nd5 Qd7 10. d4 Nd8 11. Nxe7+ Qxe7 12. d5 Bd7 13. b4 a5 14. a3 axb4 15. axb4 b6 16. c5 Bb5 17. Re1 Bc4 18. Nc3 b5 19. Bf1 dxc5 20. Bxc4 bxc4 21. bxc5 Qxc5 22. Rb5 Qd6 23. Qe2 c6 24. dxc6 Qxc6 25. Rxe5 Ne4 26. Nxe4 fxe4 27. Qc2 Nf7 28. Rxe4 Ng5 29. Qxc4+ Qxc4 30. Rxc4 Nf3+ 31. Kf1 Nxe1 32. Kxe1 Ra2 33. Bd2 Rd8 34. Bc3 Rf8 35. Rf4 Rxf4 36. exf4 Kf7 37. Kf1 g6 38. Kg2 Ke6 39. Bd4 Kf5 40. Be3 h5 41. Kh3 Ra3 42. Kh4 Rb3 43. h3 Rb5 44. Bd4 Rd5 45. Be5 Rd3 46. Bc7 Rf3 47. Bb8 Rb3 48. Bc7 Rc3 49. Be5 Rc5 1/2-1/2

[Event "Avoine op 21th"]
[Site "Avoine"]
[Date "2006.07.25"]
[Round "3"]
[White "Jankowski, Johnny"]
[Black "Glibert, Stephane"]
[Result "1-0"]
[WhiteElo "2000"]
[BlackElo "1884"]
[PlyCount "101"]
[EventDate "2006.07.22"]
[EventType "swiss"]
[EventRounds "9"]
[EventCountry "FRA"]
[SourceTitle "EXT 2007"]
[Source "ChessBase"]
[SourceDate "2006.11.23"]
[SourceVersion "1"]
[SourceVersionDate "2006.11.23"]
[SourceQuality "1"]

1. e4 c5 2. d4 cxd4 3. c3 d5 4. Qxd4 dxe4 5. Qxe4 Nc6 6. Nf3 Nf6 7. Qh4 e6 8. Be2 Be7 9. 0-0 0-0 10. Nbd2 Qc7 11. Ne4 Nd5 12. Qg3 Qxg3 13. hxg3 f5 14. Ned2 e5 15. Nb3 Be6 16. Ng5 Bxg5 17. Bxg5 h6 18. Bc1 b6 19. Bb5 Nde7 20. Re1 a6 21. Bf1 Ng6 22. Be3 b5 23. Rad1 Rfd8 24. Bb6 Rd5 25. Rxd5 Bxd5 26. Rd1 Bxb3 27. axb3 Rb8 28. Bc5 Rd8 29. Rxd8+ Nxd8 30. c4 Ne6 31. cxb5 Nxc5 32. bxa6 Nd7 33. a7 Nb6 34. Ba6 Nf8 35. Bb7 Nfd7 36. a8Q+ Nxa8 37. Bxa8 Kf7 38. Bd5+ Ke7 39. Kf1 Kd6 40. Bc4 Nb6 41. Ke2 Kc5 42. Be6 f4 43. gxf4 exf4 44. Kf3 Kd6 45. Bc4 Ke5 46. Kg4 Nd7 47. b4 Nf6+ 48. Kf3 g5 49. b5 Kd4 50. b3 g4+ 51. Kxf4 1-0